|
|
|
|
| LEADER |
00000cam a2200000 c 4500 |
| 001 |
05339027X |
| 003 |
DE-627 |
| 005 |
20260206194850.0 |
| 007 |
tu |
| 008 |
970320s1974 gw ||||| 00| ||ger c |
| 015 |
|
|
|a 74,A13,0739
|2 dnb
|
| 016 |
7 |
|
|a 740137778
|2 DE-101
|
| 020 |
|
|
|a 3518066528
|c : DM 5.00 (kart.)
|9 3-518-06652-8
|
| 035 |
|
|
|a (DE-627)05339027X
|
| 035 |
|
|
|a (DE-603)034915362
|
| 035 |
|
|
|a (DE-576)058809090
|
| 035 |
|
|
|a (DE-599)DNB740137778
|
| 035 |
|
|
|a (OCoLC)263566149
|
| 035 |
|
|
|a (OCoLC)263566149
|
| 040 |
|
|
|a DE-627
|b ger
|c DE-627
|e rakwb
|
| 041 |
|
|
|a ger
|
| 044 |
|
|
|c XA-DE
|
| 084 |
|
|
|a 14a
|2 sdnb
|
| 084 |
|
|
|a MG 85040
|2 rvk
|0 (DE-625)rvk/122868:12038
|
| 084 |
|
|
|a KK 8510
|2 rvk
|0 (DE-625)rvk/77896:
|
| 084 |
|
|
|a NQ 5070
|2 rvk
|0 (DE-625)rvk/128534:
|
| 100 |
1 |
|
|a Jakir, Petr I.
|d 1923-1982
|0 (DE-588)172166373
|0 (DE-627)697081656
|0 (DE-576)163709726
|4 aut
|
| 240 |
1 |
0 |
|a Detstvo v tjurʾme <dt.>
|
| 245 |
1 |
0 |
|a Kindheit in Gefangenschaft
|c Peter Jakir
|
| 250 |
|
|
|a 1. Aufl.
|
| 264 |
|
1 |
|a Frankfurt am Main
|b Suhrkamp
|c 1974
|
| 300 |
|
|
|a 187 S
|c 18 cm
|
| 336 |
|
|
|a Text
|b txt
|2 rdacontent
|
| 337 |
|
|
|a ohne Hilfsmittel zu benutzen
|b n
|2 rdamedia
|
| 338 |
|
|
|a Band
|b nc
|2 rdacarrier
|
| 490 |
0 |
|
|a Suhrkamp-Taschenbuch
|v 152
|
| 500 |
|
|
|a Lizenzausg. des Insel-Verl., Frankfurt am Main, 1972
|
| 583 |
1 |
|
|a Archivierung prüfen
|c 20200919
|f DE-640
|z 3
|2 pdager
|
| 583 |
1 |
|
|a Archivierung prüfen
|c 20240324
|f DE-4165
|z 3
|2 pdager
|
| 600 |
1 |
4 |
|a Jakir, Peter
|
| 650 |
|
4 |
|a Arbeitslager / Geschichte
|
| 651 |
|
4 |
|a Sowjetunion
|
| 700 |
1 |
2 |
|a Jakir, Petr I.
|d 1923-1982
|t Detstvo v tjurʾme <dt.>
|
| 700 |
1 |
2 |
|a Jakir, Petr I.
|d 1923-1982
|t Detstvo v tjur'me <dt.>
|
| 935 |
|
|
|i Blocktest
|
| 935 |
|
|
|h HEB
|i 0501
|
| 935 |
|
|
|h HEB
|i 0503
|
| 936 |
r |
v |
|a MG 85040
|b Memoiren, Biografien, Reden
|k Politologie
|k Politische Systeme einzelner Länder
|k Europa, Nordamerika
|k Osteuropa (ehem. Ostblock)
|k Russland, GUS (ehem. Sowjetunion)
|k Memoiren, Biografien, Reden
|0 (DE-627)1271521318
|0 (DE-625)rvk/122868:12038
|0 (DE-576)201521318
|
| 936 |
r |
v |
|a KK 8510
|b Sonstige
|k Slawistik
|k Russische Sprache und Literatur
|k Russische Literatur: 1917 bis Gegenwart
|k Einzelne Autoren
|k Sonstige
|0 (DE-627)1270889656
|0 (DE-625)rvk/77896:
|0 (DE-576)200889656
|
| 936 |
r |
v |
|a NQ 5070
|b Februarrevolution (1917), Oktoberrevolution (1917), Bürgerkrieg (1917-1921)
|k Geschichte
|k Geschichte seit 1918
|k Geschichte der auswärtigen Staaten (1918 - 1945)
|k Ostmittel- und Osteuropa
|k Sowjetunion
|k Februarrevolution (1917), Oktoberrevolution (1917), Bürgerkrieg (1917-1921)
|0 (DE-627)1271072041
|0 (DE-625)rvk/128534:
|0 (DE-576)201072041
|
| 936 |
s |
n |
|a k100
|2 mzub
|
| 936 |
s |
n |
|a m100
|2 mzub
|
| 936 |
s |
n |
|a n100
|2 mzub
|
| 951 |
|
|
|a BO
|
| ELC |
|
|
|b 1
|
| LOK |
|
|
|0 000 xxxxxcx a22 zn 4500
|
| LOK |
|
|
|0 001 3183527634
|
| LOK |
|
|
|0 003 DE-627
|
| LOK |
|
|
|0 004 05339027X
|
| LOK |
|
|
|0 005 20100810112520
|
| LOK |
|
|
|0 008 100810||||||||||||||||ger|||||||
|
| LOK |
|
|
|0 040
|a DE-21-110
|c DE-627
|d DE-21-110
|
| LOK |
|
|
|0 541
|e 10/469
|
| LOK |
|
|
|0 689
|a s
|a Gefangenschaft
|
| LOK |
|
|
|0 689
|a s
|a Kindheit
|
| LOK |
|
|
|0 689
|a f
|a Biographie
|
| LOK |
|
|
|0 689
|a s
|a GULAG
|
| LOK |
|
|
|0 689
|a g
|a Sowjetunion
|
| LOK |
|
|
|0 852
|a DE-21-110
|
| LOK |
|
|
|0 852 1
|c P VIII 104
|m p
|9 00
|
| LOK |
|
|
|0 936ln
|a 12.9
|
| LOK |
|
|
|0 938
|a 1008
|
| LOK |
|
|
|0 938
|k p
|
| LOK |
|
|
|0 939
|a 10-08-10
|b l01
|
| ORI |
|
|
|a SA-MARC-krimdoka001.raw
|
| SIG |
|
|
|a IFK: P VIII 104
|